|
|
|
|
| LEADER |
00000cam a2200000 7i4500 |
| 001 |
0000020020 |
| 005 |
20090311.0 |
| 008 |
090306s my # may |
| 020 |
|
|
|a 9789833698738(kkt.) ,
|c RM99.00
|
| 040 |
|
|
|a INS
|
| 090 |
0 |
0 |
|a BP173.6
|b A43 2008
|
| 245 |
0 |
0 |
|a Amalan pendekatan Islam Hadhari
|c penyunting Ahmad Sarji
|
| 260 |
|
|
|a Selangor :
|b MPH Group Publishing ,
|c 2008
|
| 300 |
|
|
|a xviii, 480ms. ;
|c 22cm.
|
| 650 |
|
0 |
|a Civilization, Islamic
|
| 650 |
|
0 |
|a Islam and state
|z malaysia
|
| 700 |
0 |
|
|a Ahmad Sarji Abdul Hamid ,
|c Tan Sri Dato' Seri ,
|c 1983
|
| 999 |
|
|
|a 0000020593
|b BOOK
|c Open Shelf
|e Default branch
|